'Europe'-less European Countries Quiz Stats

Quiz Updated Sep 3, 2016

Challenge
Share
Tweet
Embed
Score 0/6 Timer 01:30
14 Plays Today
country % Correct
Italy
82.4%
Finland
77.4%
Latvia
71.3%
Malta
62.3%
Vatican City
57.7%
Albania
51%

You're not logged in!

Compare scores with friends on all Sporcle quizzes.
Sign Up with Email
OR
Log In

You Might Also Like...

Show Comments

Extras

Top Quizzes Today


Score Distribution

Your Account Isn't Verified!

In order to create a playlist on Sporcle, you need to verify the email address you used during registration. Go to your Sporcle Settings to finish the process.

Report this User

Report this user for behavior that violates our Community Guidelines.

Details: